Novelas ejemplares. 2 /
Guardat en:
| Autor principal: | |
|---|---|
| Altres autors: | |
| Format: | Electrònic eBook |
| Idioma: | espanyol |
| Publicat: |
Madrid :
Castalia,
junio 2010.
|
| Edició: | Primera edición en e-book. |
| Col·lecció: | Clásicos Castalia ;
121. |
| Matèries: | |
| Accés en línia: | Digitalia Hispánica |
| Etiquetes: |
Afegir etiqueta
Sense etiquetes, Sigues el primer a etiquetar aquest registre!
|
MARC
| LEADER | 00000nam a2200000Ii 4500 | ||
|---|---|---|---|
| 001 | DIGCAST0011 | ||
| 003 | NyNyDIG | ||
| 006 | m o d | ||
| 007 | cr ||||||||||| | ||
| 008 | 160805t20102010sp ob 000 f spa d | ||
| 020 | |a 9788497403184 |q (eBook ; |q ePub : Tomo 2) | ||
| 020 | |a 8497403185 |q (eBook ; |q ePub : Tomo 2) | ||
| 020 | |a 9788497403344 |q (eBook ; |q ePub : Obra completa) | ||
| 020 | |a 8497403347 |q (eBook ; |q ePub : Obra completa) | ||
| 020 | |z 8470394037 |q (tomo 2) | ||
| 020 | |z 9788470394034 |q (tomo 2) | ||
| 020 | |z 8470393928 |q (Obra completa) | ||
| 020 | |z 9788470393921 |q (Obra completa) | ||
| 035 | |a (OCoLC)956263503 | ||
| 040 | |a DGITA |b eng |e rda |e pn |c DGITA | ||
| 050 | 1 | 4 | |a PQ6324 eBook |
| 100 | 1 | |a Cervantes Saavedra, Miguel de, |d 1547-1616, |e author. | |
| 245 | 1 | 0 | |a Novelas ejemplares. |n 2 / |c Miguel de Cervantes ; edición, introducción y notas de Juan Bautista Avalle-Arce. |
| 250 | |a Primera edición en e-book. | ||
| 264 | 1 | |a Madrid : |b Castalia, |c junio 2010. | |
| 264 | 4 | |c ©2010. | |
| 300 | |a 1 online resource | ||
| 336 | |a text |b txt |2 rdacontent | ||
| 337 | |a computer |b c |2 rdamedia | ||
| 338 | |a online resource |b cr |2 rdacarrier | ||
| 490 | 1 | |a Clásicos Castalia ; |v 121 | |
| 504 | |a Includes bibliographical references. | ||
| 505 | 0 | |a Novela de la española inglesa -- Novela del licenciado Vidriera -- Novela de la fuerza de la sangre -- Novela del celoso extremeño -- Novela del zeloso estremeño, Ms Porras según la edición de Bosarte. | |
| 588 | 0 | |a Online resource; title from ePub title page (Digitalia, viewed August 5, 2016) | |
| 655 | 0 | |a Electronic books. | |
| 700 | 1 | |a Avalle-Arce, Juan Bautista, |e editor. | |
| 791 | 2 | |a Digitalia (Firm), |e distributor. | |
| 793 | 0 | |g Digitalia eBook Collection: |a Editorial Castalia | |
| 776 | 0 | 8 | |i Print version: |a Cervantes Saavedra, Miguel de. |t Novelas ejemplares. 2. |d Madrid : Editorial Castalia, 1982 |z 9788470394034 |
| 830 | 0 | |a Clásicos Castalia ; |v 121. | |
| 856 | 4 | 0 | |3 Digitalia Hispánica |u https://digitalia.unach.elogim.com/a/31072/ |
| 910 | |a Premium Collection: 2015 | ||